000 01650nam a2200265Ia 4500
999 _c54894
_d54894
001 21963
003 GE_BSU
005 20220914143355.0
008 181216s2007||||ge |||||||||||||| ||geo||
020 _a9994046934
040 _cGE_BSU
041 _ageo
080 _a821.112.2.03=353.1 ნ-79
100 _aნოვალისი
_914604
245 _aღამის ჰიმნები /
_cნოვალისი ; გერმ. თარგმნა და კომენტ. დაურთო კონსტანტინე ბრეგაძემ.
264 _aთბილისი :
_bმერიდიანი,
_c2007.
300 _a104 გვ. :
_b1ფ პორტრეტი ნოვალისი(დაახლ.1799წ.) ;
_c21 სმ.
500 _aნოვალისი გერმანული რომანტიზმის ერთ-ერთი ფუძემდებელი და უმთავრესი წარმომადგენელია, ღამის ჰიმნები არის გერმანული რომანტიზმის ერთ-ერთი უმაღლესი პოეტური გამოვლინება
541 _h5ლ.
546 _aსახელმძღვანელო არის გერმანულ და ქართულ ენებზე
653 _aგერმანული ლიტერატურა
653 _aღამის ჰიმნები
700 _aბრეგაძე, კონსტანტინე
_eრედაქტორი
_96888
942 _cBK
_2udc